00694nam a2200193 i 450000100060000000300090000600500170001500700030003200800410003510000280007624501160010425000150022026000330023530000250026870000380029385200310033199900170036295201210037994718ES-MaACL20230906181535.0t|050512s1979 sp ||||1| spa d1 aLozano, Arminda.97440810aEdad Antigua y Media b: análisis y comentarios de textos. Vol.I /cArminda Lozano, Emilio Mitre Fernández. a[1ª ed.]. aMadrid : bAlhambra, c1979. aX, 238 p. ; c24 cm.1 aMitre Fernández, Emilio.981707 aES-MaACLjA-9934 bR.99161 c94718d94718 00104070aATENEOMbATENEOMcDEPO1d2008-01-17eSCl0oA-9934p1098918r2023-02-23 00:00:00w2023-02-23yMONOGRAFIA